=LDR 00000nam 2200000 4500 =247 ##$$a =856 ##$$a =700 #$$a =650 #$$a Manajemen Risiko =650 #$$a Kebijakan Pembangunan Daerah =520 #$$a Kondisi implementasi pengelolaan (manajemen) risiko pemerintah daerah saat ini adalah belum ada kebijakan dari Menteri Dalam Negeri yang menjadi landasaran sekaligus mengorkestrasi implementasi MRPN di daerah yang pada akhirnya dapat meningkatkan ketercapaian tujuan pembangunan di daerah. Tingkat kematangan atau maturutas penyelenggaraan manajemen risiko yang ditunjukkan oleh manajemen risiko indeks (MRI) dari seluruh pemda di Indonesia rata-rata baru mencapai level 2. Hal tersebut menggambarkan penyelenggaraan pembangunan di daerah masih sangat rentan dengan berbagai potensi/risiko permasalahan yang tidak dikelola sehingga menghambat pembangunan daerah untuk mencapai target yang diharapkan dan belum mampu mengungkit pertumbuhan ekonomi yang tinggi. Risiko strategis pembangunan belum termitigasi dengan baik yang menghambat percapaian tujuan pembangunan. Manajemen risiko, sebagai bagian dari infrastruktur tata kelola belum diintegrasikan sebagai bagian dari proses bisnis dalam mencapai tujuan, masih dipahami oleh pemda sebagai kegiatan administratif, dan pemenuhan dokumen. =321 ##$$a =310 ##$$a =300 ##$$a iii, 39 hlm. : $b ill. ; $c 30 cm $e =260 ##$$a Jakarta : $b Pusbangkom Pimnas dan Manajerial ASN. ; $c 2024 =001 $a INLIS000000000020861 =245 ##$$a Bijak Kelola Risiko Untuk Pembangunan Daerah Yang Lebih Efektif $b membangun kebijakan pengelolaan (manajemen risiko) pembangunan nasional di daerah untuk pembangunan daerah yang lebih efektif $c Hasoloan Manalu =100 #$$a Hasoloan Manalu =084 ##$$a R 0056 PKN I 2024 =082 ##$$a =035 ##$$a 0010-0426000018 =020 ##$$a =008 $a 260414################g##########0#ind## =005 $a 20260414153303